| 000 | 00633nam a22001937a 4500 | ||
|---|---|---|---|
| 003 | OSt | ||
| 005 | 20141018104607.0 | ||
| 008 | 141010b xxu||||| |||| 00| 0 eng d | ||
| 020 | _a970-10-3570-4 | ||
| 040 | _cBMC | ||
| 082 | _a658.1 | ||
| 100 | 1 |
_97872 _aFranklin Fincowsky, Enrique Benjamín |
|
| 245 | 1 | 0 |
_aOrganización y métodos _b: un enfoque competitivo _cEnrique Benjamín Franklin Fincowsky, Guillermo Gómez Ceja |
| 260 |
_aMéxico D.F. [etc.] _bMcGraw-Hill _ccop. 2002 |
||
| 300 |
_aVII, 385 p. _bil. _c24 cm. |
||
| 650 | 2 | 4 |
_98517 _aOrganización de la empresa |
| 700 | 1 |
_98674 _aGómez Ceja, Guillermo |
|
| 942 |
_2ddc _cBK |
||
| 999 |
_c14565 _d14565 |
||